00956nam a2200241 a 4500001001000000003000500010005001700015008004100032010001100073011001100084040000900095100003000104245017700134260004200311500006000353502008200413650003600495650004000531650002400571650002200595650002700617856007000644000113367CHAP20220329144351.0170613s2016 mx a fsm |||||||spa d a109828 a110800 cCHAP00aRivera del Río, Roberto10aPropiedades fisicas de sustratos y su efecto en la nutrición de fresa (Fragaria x ananassa Duch.), en sistema hidropónico /h[En línea]cpor Roberto Rivera del Río. aChapingo, Méx. :bEl autor.,c2016. aPara ver el contenido del material haga clic en la liga aTesis (Ph.D. en Ciencias en Horticultura) -- UACH. Departamento de Fitotecnia14aFresaxCultivos hidropónicos.14aFresaxFisiología y morfología.14aFresaxNutrición.14aFresaxSustratos.14aSustratosxAnálisis. aFinding aiduhttp://10.13.5.2/tesis/sist113367.pdfzTeclea aquí